| 000 | 00992nam a22002777a 4500 | ||
|---|---|---|---|
| 001 | 1615400 | ||
| 003 | OSt | ||
| 005 | 20170518102845.0 | ||
| 008 | 170221b xxu||||| |||| 00| 0 eng d | ||
| 010 | _a 95019154 | ||
| 020 | _a0800629086 (pbk. : alk. paper) | ||
| 040 |
_aMMU _cMMU _dMMU _beng |
||
| 050 | 0 | 0 |
_aHF5387 _b.C48 1995 |
| 082 | 0 | 0 |
_a241/.624 _220 |
| 100 | 1 |
_aChilds, James M., _d1939- |
|
| 245 | 1 | 0 |
_aEthics in business : _bfaith at work / _cJames M. Childs, Jr. |
| 260 |
_aMinneapolis, MN : _bFortress Press, _cc1995. |
||
| 300 |
_aix, 165 p. ; _c23 cm. |
||
| 504 | _aIncludes bibliographical references (p. [149]-162) and index. | ||
| 650 | 0 | _aBusiness ethics. | |
| 650 | 0 |
_aBusiness _xReligious aspects _xChristianity. |
|
| 650 | 0 | _aChristian ethics. | |
| 906 |
_a7 _bcbc _corignew _d1 _eocip _f19 _gy-gencatlg |
||
| 942 |
_2lcc _cLOAN LOAN |
||
| 999 |
_c23342 _d23342 |
||